Erste Fußballligen Asiens und Ozeaniens - Statistiken

Allgemein
  • Dieses Quiz wurde 8 mal gespielt
  • Das Durchschnittsergebnis liegt bei 3 aus 28
Antwortstatistiken
# Nationalverband Name der Liga % Korrekt
1 Saudi-Arabien Saudi Pro League
83%
8 Australien A-League Men
50%
19 Singapur Premier League
33%
21 Fidschi Premier League
33%
17 Bangladesch Bangladesh Premier League
17%
16 Hongkong Hongkong Premier League
17%
3 Japan J1 League
17%
4 Südkorea K League 1
17%
7 Iran Persian Gulf Pro League
17%
6 Katar Stars League
17%
11 Thailand Thai League
17%
2 Vereingte Arabische Emirate UAE Pro League
17%
26 Chinesisch Taipei Football Premier League
0%
14 Indien Indian Super League
0%
18 Kirgisistan Kyrgyz Premier League
0%
27 Laos Lao League 1
0%
13 Libanon Lebanese Premier League
0%
10 Indonesien Liga 1
0%
22 Myanmar National League
0%
23 Neuseeland NZ Central League
0%
20 Neuseeland NZ Northern League
0%
24 Neuseeland NZ Southern League
0%
28 Phillipinen Philippines Football League
0%
5 China Super League
0%
12 Malaysia Super League
0%
9 Usbekistan Superliga
0%
15 Vietnam V.League 1
0%
25 Tadschikistan Vysshaya Liga
0%
Keine übereinstimmenden Quizze gefunden
Verteilung der Resultate
Anzahl Personen mit jedem Resultat
Perzentil nach korrekt beantworteten Fragen
Ihre Resultats-Entwicklung
Sie haben dieses Quiz noch nicht gespielt